| 000 | 00409cam a22000977a 4500 | ||
|---|---|---|---|
| 008 | 180718b1960 xxu||||| |||| 00| 0 eng d | ||
| 082 | _aN4x42 Un3rcm/1-2 | ||
| 245 |
_aRoyal commission on the police: Minute of evidence 1-2 (witnesses: home office, scotish home department) _cby Her Majesty's Stationery Office |
||
| 260 |
_aLondon _bHer Majesty's Stationery Office _c1960 |
||
| 700 | _aHer Majesty's Stationery Office | ||
| 999 |
_c411027 _d411027 |
||